Strategické kroky a rozhodnutia startupov v medzinárodnom prostredí

Startupy v medzinárodnom prostredí. Vplyv podnikateľského modelu startupu na jeho globálny úspech. Európske krajiny vhodné na rozbehnutie podnikania. Základné formy vstupu na zahraničný trh. Výsledky výskumu - vybrané ukazovatele získané počas výskumu za trojročné obdobie.

Gespeichert in:
Bibliographische Detailangaben
1. Verfasser: Procházková, Katarína, 1983-
Format: Buchkapitel
Sprache:Slowakisch
Schlagworte:
Tags: Tag hinzufügen
Keine Tags, Fügen Sie das erste Tag hinzu!

MARC

LEADER 00000naa$a2200000$$$4500
001 0238286
005 20240502073845.0
041 0 |a slo 
044 |a SK 
245 1 0 |a Strategické kroky a rozhodnutia startupov v medzinárodnom prostredí  |c Katarína Procházková 
520 |a Startupy v medzinárodnom prostredí. Vplyv podnikateľského modelu startupu na jeho globálny úspech. Európske krajiny vhodné na rozbehnutie podnikania. Základné formy vstupu na zahraničný trh. Výsledky výskumu - vybrané ukazovatele získané počas výskumu za trojročné obdobie. 
610 2 0 |a start-up 
610 2 0 |a podnikanie medzinárodné 
610 2 0 |a trh medzinárodný 
610 2 0 |a trh zahraničný 
610 2 0 |a rozhodovanie strategické 
610 2 0 |a prostredie podnikateľské 
610 2 0 |a výskum 
610 2 0 |a Slovensko 
100 1 |a Procházková, Katarína, 1983-